000 00679nam a22002057a 4500
003 LK-CoMWRAF
005 20240708110314.0
008 231031b2022 |||||||| |||| 00| 0 eng d
020 _a9789556250619
040 _aLK-CoMWRAF
_dLK-CoMWRAF
_eLK-CoMWRAF
041 _aeng
082 _a340
_bGOO
100 _aGoonesekere, Savitri
245 _aResponse of Muslim women's research and action forum to the concept of "one country one Law"
260 _aColombo :
_bMuslim women's research and action forum,
_c2022
300 _a21p. : 24cm.
505 _aSinhala & Tamil Available RAF4866, RAF4867, RAF2578
650 _aMuslim women's research and action forum
942 _cBK
999 _c4051
_d4051